[Event "Senior DM 2017 - 50+"]
[Site "Logumkloster"]
[Date "2017.02.12"]
[Round "1"]
[White "Stentebjerg Hansen, Per"]
[Black "Kallenbach, Uffe"]
[Result "1-0"]
[WhiteElo "2239"]
[BlackElo "1670"]
[PlyCount "29"]
[EventDate "2017.02.??"]
[EventType "swiss"]
[EventRounds "7"]
[EventCountry "DEN"]
[WhiteClock "1:00:43"]
[BlackClock "1:01:41"]

1. d4 Nf6 2. c4 e6 3. Nc3 d5 4. cxd5 exd5 5. Bg5 Be7 6. e3 Nbd7 7. Bd3 c6 8.
Nge2 O-O 9. Qc2 Re8 10. f3 Nf8 11. O-O h6 12. Bh4 Ng4 13. Bxe7 Nxe3 14. Bxd8
Nxc2 15. Bxc2 1-0

[Event "Senior DM 2017 - 50+"]
[Site "Logumkloster"]
[Date "2017.02.12"]
[Round "1"]
[White "Overmark, Ole"]
[Black "Christiansen, Arne"]
[Result "1/2-1/2"]
[WhiteElo "1707"]
[BlackElo "2061"]
[PlyCount "74"]
[EventDate "2017.02.??"]
[EventType "swiss"]
[EventRounds "7"]
[EventCountry "DEN"]

1. Nf3 Nf6 2. c4 g6 3. Nc3 Bg7 4. g3 O-O 5. Bg2 d6 6. O-O c5 7. d3 Nc6 8. Bg5
a6 9. Qc1 Rb8 10. Bh6 Bg4 11. Bxg7 Kxg7 12. Nd2 Nd4 13. Re1 Qd7 14. e3 Nc6 15.
a3 Bh3 16. Bh1 b5 17. cxb5 axb5 18. Nd5 Nxd5 19. Bxd5 Kg8 20. b4 Ne5 21. Qc3
cxb4 22. axb4 Be6 23. Qd4 Bxd5 24. Qxd5 Qc6 25. Qxc6 Nxc6 26. Reb1 Rfc8 27. Rb3
Ne5 28. Ra7 Kf8 29. Ne4 Nc6 30. Ra2 h6 31. Nc3 Nxb4 32. Ra7 Nc6 33. Ra6 b4 34.
Nd5 Ra8 35. Nxb4 Rxa6 36. Nxa6 Ra8 37. Nc7 Rb8 1/2-1/2

[Event "Senior DM 2017 - 50+"]
[Site "Logumkloster"]
[Date "2017.02.12"]
[Round "1"]
[White "Kjaergaard Jensen, Jesper"]
[Black "Pedersen, Hans Milter"]
[Result "1-0"]
[WhiteElo "2156"]
[BlackElo "1528"]
[PlyCount "41"]
[EventDate "2017.02.??"]
[EventType "swiss"]
[EventRounds "7"]
[EventCountry "DEN"]

1. d4 d5 2. Nf3 Nf6 3. Bg5 g6 4. e3 Bg7 5. Bd3 c6 6. Nc3 b6 7. Qe2 a5 8. Ne5
Bb7 9. f4 Nfd7 10. Nxd7 Nxd7 11. f5 Qc7 12. g4 Nf6 13. h4 Qg3+ 14. Kd2 Qxg4 15.
Qh2 Ne4+ 16. Bxe4 dxe4 17. Qc7 Bf6 18. Qxb7 O-O 19. Bxf6 exf6 20. Qxc6 Rac8 21.
Qxe4 1-0

[Event "Senior DM 2017 - 50+"]
[Site "Logumkloster"]
[Date "2017.02.12"]
[Round "1"]
[White "Carlsen, Jasper"]
[Black "Light, Bjarne"]
[Result "0-1"]
[WhiteElo "1700"]
[BlackElo "2166"]
[PlyCount "46"]
[EventDate "2017.02.??"]
[EventType "swiss"]
[EventRounds "7"]
[EventCountry "DEN"]
[WhiteClock "0:46:43"]
[BlackClock "1:09:57"]

1. d4 Nf6 2. Nf3 e6 3. c4 Bb4+ 4. Nc3 b6 5. Bg5 h6 6. Bxf6 Bxc3+ 7. bxc3 Qxf6
8. e3 c5 9. Be2 Nc6 10. Rb1 O-O 11. O-O d6 12. Kh1 Na5 13. Rg1 Bb7 14. Qd3 Ba6
15. Qd1 Bxc4 16. Bxc4 Nxc4 17. g4 g5 18. Qd3 Qxf3+ 19. Rg2 d5 20. h4 Nd6 21.
hxg5 Ne4 22. Rf1 hxg5 23. Kh2 Kg7 0-1

[Event "Senior DM 2017 - 50+"]
[Site "Logumkloster"]
[Date "2017.02.12"]
[Round "1"]
[White "Rodgaard, John"]
[Black "Rosenberg, Jan"]
[Result "1-0"]
[WhiteElo "2320"]
[BlackElo "1867"]
[PlyCount "143"]
[EventDate "2017.02.??"]
[EventType "swiss"]
[EventRounds "7"]
[EventCountry "DEN"]
[WhiteClock "0:01:40"]
[BlackClock "0:01:35"]

1. c4 Nf6 2. Nf3 c5 3. Nc3 d5 4. cxd5 Nxd5 5. d4 Nxc3 6. bxc3 Bf5 7. Qb3 Nd7 8.
Qxb7 Rb8 9. Qa6 Qc7 10. Bd2 Be4 11. e3 Rb6 12. Qc4 Qb7 13. Be2 Bd5 14. Qa4 Bc6
15. Qd1 e6 16. O-O Bd6 17. c4 Be4 18. Ba5 Rb2 19. Bd3 Bxf3 20. Qxf3 Qxf3 21.
gxf3 O-O 22. Rfb1 Rfb8 23. Bc3 R2b6 24. h3 f5 25. Rxb6 axb6 26. Rb1 Ra8 27. d5
Kf7 28. Rb2 Ra3 29. Rc2 g6 30. dxe6+ Kxe6 31. f4 Bc7 32. Be2 Bd6 33. Bd2 Nf6
34. Bc1 Ra4 35. a3 Bc7 36. Kg2 Ra8 37. f3 Bd6 38. Kf2 Bc7 39. Bd3 Nh5 40. Rc3
Rd8 41. Bc2 Nf6 42. Ba4 Ke7 43. Ke2 h6 44. Rd3 Rd6 45. Bb2 Nh5 46. Rxd6 Bxd6
47. Bc6 Nf6 48. Kd3 Bc7 49. Bc3 Nh5 50. Bb7 Ke6 51. Kc2 Bd6 52. Kb3 Kd7 53. Bd5
Ke7 54. Ka4 Ng3 55. Bd2 Bc7 56. Kb5 Bd8 57. Kc6 Ne2 58. a4 g5 59. fxg5 hxg5 60.
Be1 f4 61. Bf2 Ke8 62. Be4 Ke7 63. exf4 Nxf4 64. h4 Ne6 65. h5 Nd4+ 66. Kb7 Nb3
67. h6 Kf7 68. h7 Na5+ 69. Ka6 Bf6 70. Bd5+ Ke7 71. Kxb6 Nb3 72. a5 1-0

[Event "Senior DM 2017 - 50+"]
[Site "Logumkloster"]
[Date "2017.02.12"]
[Round "1"]
[White "Johansen, Johnny Holler"]
[Black "Rewitz, Poul"]
[Result "0-1"]
[WhiteElo "1875"]
[BlackElo "2289"]
[PlyCount "84"]
[EventDate "2017.02.??"]
[EventType "swiss"]
[EventRounds "7"]
[EventCountry "DEN"]
[WhiteClock "0:11:11"]
[BlackClock "0:02:24"]

1. e4 g6 2. d4 Bg7 3. Nc3 c6 4. Be3 d5 5. e5 f6 6. exf6 Nxf6 7. Be2 c5 8. dxc5
e5 9. Bg5 Be6 10. Nf3 Nc6 11. Bb5 Qc7 12. O-O d4 13. Bxf6 Bxf6 14. Ne4 O-O 15.
Nxf6+ Rxf6 16. Re1 Bg4 17. Bc4+ Kg7 18. Be2 Rd8 19. h3 Bf5 20. Bd3 Rd5 21. Ng5
Rxc5 22. Ne4 Bxe4 23. Bxe4 Nb4 24. Re2 Nd5 25. Bxd5 Rxd5 26. Qd3 Rc5 27. Rae1
Rb6 28. f4 Rxb2 29. fxe5 Rcxc2 30. Rxc2 Qxc2 31. Qxc2 Rxc2 32. e6 Kf8 33. Rd1
Rc4 34. Kf2 Ke7 35. Kf3 Kxe6 36. Rd2 Kd5 37. Kf4 b5 38. Rb2 b4 39. g4 a5 40. h4
d3+ 41. Ke3 Rc2 42. Rb3 Kc4 0-1

[Event "Senior DM 2017 - 50+"]
[Site "Logumkloster"]
[Date "2017.02.12"]
[Round "1"]
[White "Larsen, Peter"]
[Black "Matras, Ove"]
[Result "1-0"]
[WhiteElo "2282"]
[BlackElo "1828"]
[PlyCount "67"]
[EventDate "2017.02.??"]
[EventType "swiss"]
[EventRounds "7"]
[EventCountry "DEN"]
[WhiteClock "0:29:01"]
[BlackClock "0:22:27"]

1. d4 g6 2. e4 d6 3. f4 Bg7 4. Nf3 c6 5. Bd3 Nf6 6. O-O Qc7 7. Re1 Bg4 8. e5
Nd5 9. c3 Nd7 10. h3 Bxf3 11. Qxf3 e6 12. f5 dxe5 13. fxe6 fxe6 14. Bg5 N5f6
15. dxe5 Nxe5 16. Qg3 Nfd7 17. Bc4 Qb6+ 18. Kh2 c5 19. Nd2 O-O 20. Bb3 Kh8 21.
Re4 Rac8 22. Rae1 c4 23. Nxc4 Nxc4 24. Bxc4 Qxb2 25. Bxe6 Nc5 26. R4e2 Qxc3 27.
Bxc8 Qxg3+ 28. Kxg3 Nd3 29. Bxb7 Nxe1 30. Rxe1 Bd4 31. Bf4 Bf2+ 32. Kxf2 Rxf4+
33. Bf3 Rf7 34. Ra1 1-0

[Event "Senior DM 2017 - 50+"]
[Site "Logumkloster"]
[Date "2017.02.13"]
[Round "2"]
[White "Matras, Ove"]
[Black "Overmark, Ole"]
[Result "0-1"]
[WhiteElo "1828"]
[BlackElo "1707"]
[PlyCount "64"]
[EventDate "2017.02.??"]
[EventType "swiss"]
[EventRounds "7"]
[EventCountry "DEN"]
[WhiteClock "0:59:44"]
[BlackClock "0:04:50"]

1. b3 c5 2. e4 Nc6 3. Nf3 d6 4. Bb2 Nf6 5. d3 g6 6. Be2 Bg7 7. Nc3 O-O 8. Qd2
Bd7 9. O-O-O a5 10. h4 h5 11. Nh2 Nd4 12. Rdg1 Nxe2+ 13. Qxe2 Bh6+ 14. Kd1 a4
15. f3 axb3 16. cxb3 b5 17. g4 b4 18. g5 bxc3 19. Bxc3 Nxe4 20. dxe4 Bg7 21.
Bxg7 Kxg7 22. Rg2 Qb6 23. Qb2+ Kg8 24. Rc2 Be6 25. Re1 Rfb8 26. Kc1 Qb4 27.
Ree2 Qb6 28. Rf2 c4 29. Rc3 cxb3 30. axb3 Ra1+ 31. Qxa1 Qxf2 32. Rc2 Qe1+ 0-1

[Event "Senior DM 2017 - 50+"]
[Site "Logumkloster"]
[Date "2017.02.13"]
[Round "2"]
[White "Kallenbach, Uffe"]
[Black "Johansen, Johnny Holler"]
[Result "0-1"]
[WhiteElo "1670"]
[BlackElo "1875"]
[PlyCount "66"]
[EventDate "2017.02.??"]
[EventType "swiss"]
[EventRounds "7"]
[EventCountry "DEN"]

1. d4 Nf6 2. Nf3 g6 3. e3 Bg7 4. Nbd2 d6 5. Bd3 O-O 6. O-O Re8 7. e4 e5 8. c3
Nbd7 9. Qc2 Nf8 10. Nc4 exd4 11. Nxd4 Ne6 12. h3 Nc5 13. f3 d5 14. Nd2 dxe4 15.
Bxe4 Nfxe4 16. Nxe4 Nxe4 17. fxe4 Bxd4+ 18. cxd4 Qxd4+ 19. Kh1 Qxe4 20. Qxc7
Bf5 21. Bh6 Rac8 22. Qf4 Qxf4 23. Rxf4 Rc2 24. Rb4 b6 25. Rd1 f6 26. Bf4 Ree2
27. Rd8+ Kf7 28. Ra8 Rxg2 29. Rxa7+ Ke8 30. Rxb6 Rge2 31. Rb8+ Bc8 32. Bh2
Rxh2+ 33. Kg1 Rhd2 0-1

[Event "Senior DM 2017 - 50+"]
[Site "Logumkloster"]
[Date "2017.02.13"]
[Round "2"]
[White "Pedersen, Hans Milter"]
[Black "Carlsen, Jasper"]
[Result "1/2-1/2"]
[WhiteElo "1528"]
[BlackElo "1700"]
[PlyCount "44"]
[EventDate "2017.02.??"]
[EventType "swiss"]
[EventRounds "7"]
[EventCountry "DEN"]

1. d4 Nf6 2. c4 e6 3. Nf3 Bb4+ 4. Bd2 Qe7 5. a3 Bxd2+ 6. Nbxd2 c5 7. e3 Nc6 8.
Bd3 b6 9. Ne4 Nxe4 10. Bxe4 Bb7 11. d5 exd5 12. Bxd5 Na5 13. Bxb7 Nxb7 14. Qd5
d6 15. O-O O-O 16. b4 Kh8 17. Rfe1 f5 18. e4 fxe4 19. Rxe4 Qf6 20. Rae1 Rab8
21. Re7 cxb4 22. axb4 a5 1/2-1/2

[Event "Senior DM 2017 - 50+"]
[Site "Logumkloster"]
[Date "2017.02.13"]
[Round "2"]
[White "Christiansen, Arne"]
[Black "Rosenberg, Jan"]
[Result "1/2-1/2"]
[WhiteElo "2061"]
[BlackElo "1867"]
[PlyCount "20"]
[EventDate "2017.02.??"]
[EventType "swiss"]
[EventRounds "7"]
[EventCountry "DEN"]
[WhiteClock "0:50:02"]
[BlackClock "1:11:12"]

1. d4 Nf6 2. Nf3 g6 3. Bf4 c5 4. c3 cxd4 5. cxd4 Bg7 6. e3 O-O 7. Bd3 d6 8. O-O
Nc6 9. Nc3 h6 10. h3 Nb4 1/2-1/2

[Event "Senior DM 2017 - 50+"]
[Site "Logumkloster"]
[Date "2017.02.13"]
[Round "2"]
[White "Light, Bjarne"]
[Black "Rodgaard, John"]
[Result "0-1"]
[WhiteElo "2166"]
[BlackElo "2320"]
[PlyCount "128"]
[EventDate "2017.02.??"]
[EventType "swiss"]
[EventRounds "7"]
[EventCountry "DEN"]
[WhiteClock "0:02:21"]
[BlackClock "0:02:34"]

1. c4 e6 2. g3 d5 3. Nf3 dxc4 4. Qa4+ Nd7 5. Bg2 a6 6. Qxc4 b5 7. Qc2 Bb7 8.
O-O Ngf6 9. a4 c5 10. d3 Be7 11. Na3 Nd5 12. Bd2 Qb6 13. Qb1 O-O 14. Nc2 Rfc8
15. Re1 c4 16. a5 Qc7 17. dxc4 Qxc4 18. Ncd4 Qc7 19. e4 Nb4 20. Bf4 Qd8 21. Rd1
Qe8 22. Bg5 Nc5 23. Re1 Ncd3 24. Bxe7 Qxe7 25. Rd1 Bxe4 26. Ne1 Bxg2 27. Nxg2
Nc5 28. Ne3 h5 29. h4 Qf6 30. Kg2 Rd8 31. Nf3 Ncd3 32. Rd2 Ne5 33. Rxd8+ Rxd8
34. Ng5 Ned3 35. Qf1 Qxb2 36. Rb1 Qc3 37. Qe2 Qc6+ 38. Kh2 g6 39. g4 Qd6+ 40.
Kg1 Qf4 41. Nh3 Qe5 42. Qf3 Nd5 43. Ng2 hxg4 44. Qxg4 Qf5 45. Qg5 Rc8 46. Qxf5
gxf5 47. Kh2 Rc2 48. Kg3 b4 49. h5 Rc3 50. Kh4 Rc4+ 51. f4 f6 52. Rd1 Rc3 53.
h6 b3 54. Ne1 b2 55. Nxd3 Rxd3 56. Rg1+ Kh8 57. Ng5 fxg5+ 58. fxg5 Nf4 59. g6
Nxg6+ 60. Kg5 Kh7 61. Kf6 Rd7 62. Kxe6 Rb7 63. Rb1 f4 64. Kf5 f3 0-1

[Event "Senior DM 2017 - 50+"]
[Site "Logumkloster"]
[Date "2017.02.13"]
[Round "2"]
[White "Rewitz, Poul"]
[Black "Stentebjerg Hansen, Per"]
[Result "1-0"]
[WhiteElo "2289"]
[BlackElo "2239"]
[PlyCount "97"]
[EventDate "2017.02.??"]
[EventType "swiss"]
[EventRounds "7"]
[EventCountry "DEN"]
[WhiteClock "0:02:40"]
[BlackClock "0:36:05"]

1. g3 e5 2. Bg2 Nf6 3. c3 d6 4. d4 Nbd7 5. Nf3 c6 6. O-O Be7 7. Na3 O-O 8. Nc4
Qc7 9. a4 Re8 10. a5 Bf8 11. b3 b5 12. axb6 Nxb6 13. dxe5 dxe5 14. Nfd2 Be6 15.
Na5 Bd5 16. e4 Be6 17. Qc2 Rad8 18. Re1 Nfd7 19. Bf1 g6 20. Ndc4 f6 21. b4 Kh8
22. Be3 Be7 23. Nd2 Rf8 24. Nab3 f5 25. Ra5 f4 26. gxf4 exf4 27. Bd4+ Bf6 28.
Rea1 Ra8 29. c4 Ne5 30. Qc3 Ned7 31. Nc5 Bg4 32. f3 Bh5 33. Bh3 Bxd4+ 34. Qxd4+
Qe5 35. Ne6 Qxd4+ 36. Nxd4 Rf6 37. e5 Rff8 38. e6 Nf6 39. Rxa7 Rxa7 40. Rxa7
Rd8 41. N4b3 g5 42. Bf5 Bg6 43. Bxg6 hxg6 44. Rf7 Nh7 45. Rb7 Na4 46. e7 Rg8
47. Ne4 Nb2 48. Rd7 Nxc4 49. Rd8 1-0

[Event "Senior DM 2017 - 50+"]
[Site "Logumkloster"]
[Date "2017.02.13"]
[Round "2"]
[White "Kjaergaard Jensen, Jesper"]
[Black "Larsen, Peter"]
[Result "0-1"]
[WhiteElo "2156"]
[BlackElo "2282"]
[PlyCount "75"]
[EventDate "2017.02.??"]
[EventType "swiss"]
[EventRounds "7"]
[EventCountry "DEN"]
[WhiteClock "0:30:54"]
[BlackClock "0:30:30"]

1. d4 Nf6 2. Nf3 d5 3. Bg5 Ne4 4. h4 c6 5. c3 Qb6 6. Qb3 Nxg5 7. hxg5 Qxb3 8.
axb3 Nd7 9. Nbd2 g6 10. e4 Nb6 11. Bd3 Bg7 12. e5 a6 13. Nf1 Be6 14. Ne3 Kd7
15. Nh4 h6 16. Nf3 hxg5 17. Rxh8 Rxh8 18. Nxg5 Rh1+ 19. Bf1 Bh6 20. Nxe6 Kxe6
21. Nc2 f6 22. exf6 Kxf6 23. Nb4 e5 24. Nxa6 bxa6 25. Rxa6 Nd7 26. Rxc6+ Ke7
27. Rxg6 exd4 28. cxd4 Bc1 29. g3 Nf6 30. Ke2 Kf7 31. Bg2 Rg1 32. Rxf6+ Kxf6
33. Bxd5 Bxb2 34. b4 Bxd4 35. b5 Rb1 36. f4 Rxb5 37. Bc4 Rb4 38. Bd3 0-1

[Event "Senior DM 2017 - 50+"]
[Site "Logumkloster"]
[Date "2017.02.14"]
[Round "3"]
[White "Carlsen, Jasper"]
[Black "Kjaergaard Jensen, Jesper"]
[Result "0-1"]
[WhiteElo "1700"]
[BlackElo "2156"]
[PlyCount "63"]
[EventDate "2017.02.??"]
[EventType "swiss"]
[EventRounds "7"]
[EventCountry "DEN"]
[WhiteClock "1:02:15"]
[BlackClock "1:25:10"]

1. d4 f5 2. g3 Nf6 3. Bg2 e6 4. Bf4 d5 5. e3 Nbd7 6. Nf3 Be7 7. O-O Ne4 8. Nbd2
O-O 9. Nxe4 fxe4 10. Ne5 Bf6 11. Qe2 Nb6 12. c3 g5 13. b3 gxf4 14. exf4 Qe7 15.
a4 Nd7 16. Nxd7 Bxd7 17. b4 a5 18. b5 c5 19. bxc6 Bxc6 20. Rfb1 Qd7 21. Qc2 b5
22. axb5 Bxb5 23. Qb2 Bd3 24. Rc1 Rfb8 25. Qd2 a4 26. Bf1 Bxf1 27. Kxf1 Qb5+
28. Ke1 Qc4 29. Qc2 Rb3 30. Rab1 Bxd4 31. cxd4 Qxc2 32. Rxc2 0-1

[Event "Senior DM 2017 - 50+"]
[Site "Logumkloster"]
[Date "2017.02.14"]
[Round "3"]
[White "Rosenberg, Jan"]
[Black "Pedersen, Hans Milter"]
[Result "1-0"]
[WhiteElo "1867"]
[BlackElo "1528"]
[PlyCount "83"]
[EventDate "2017.02.??"]
[EventType "swiss"]
[EventRounds "7"]
[EventCountry "DEN"]

1. d4 d5 2. Nf3 Nf6 3. Bf4 g6 4. Nbd2 Bg7 5. e3 Bf5 6. h3 c6 7. c3 O-O 8. Ne5
Nbd7 9. g4 Be6 10. Nd3 Ne8 11. Bg2 Qb6 12. Qb3 Rc8 13. Qd1 c5 14. dxc5 Nxc5 15.
Nxc5 Rxc5 16. Nb3 Rc8 17. O-O Nf6 18. Be5 a6 19. Qd4 Qxd4 20. Bxd4 Nd7 21. Bxg7
Kxg7 22. Rfd1 Nb6 23. Nd4 Bd7 24. f4 e6 25. e4 Bc6 26. exd5 Bxd5 27. Re1 Bxg2
28. Kxg2 Nd5 29. Kf3 Rfe8 30. Re2 Rc4 31. Re4 Rec8 32. Rae1 h6 33. Re5 b5 34.
f5 gxf5 35. gxf5 b4 36. fxe6 bxc3 37. Rxd5 cxb2 38. Rb1 fxe6 39. Nxe6+ Kf6 40.
Rd6 Rc3+ 41. Ke4 Re8 42. Kd4 1-0

[Event "Senior DM 2017 - 50+"]
[Site "Logumkloster"]
[Date "2017.02.14"]
[Round "3"]
[White "Matras, Ove"]
[Black "Kallenbach, Uffe"]
[Result "1-0"]
[WhiteElo "1828"]
[BlackElo "1670"]
[PlyCount "69"]
[EventDate "2017.02.??"]
[EventType "swiss"]
[EventRounds "7"]
[EventCountry "DEN"]

1. e4 c5 2. c3 Nf6 3. e5 Nd5 4. d3 Nc6 5. f4 d6 6. Nf3 Bg4 7. exd6 Qxd6 8. g3
g6 9. Na3 Bg7 10. Bg2 Nxc3 11. Qd2 Nd5 12. Nb5 Qd8 13. Nc3 Ndb4 14. O-O Nxd3
15. Qe3 Bd4 16. Nxd4 Qxd4 17. Nb5 Qxe3+ 18. Bxe3 O-O 19. Bxc6 bxc6 20. Nc3 Rfd8
21. b3 Be6 22. Rab1 a6 23. Na4 c4 24. bxc4 Bxc4 25. Nb6 Bxa2 26. Ra1 Rab8 27.
Rxa2 c5 28. Nc4 Rb4 29. Nd2 c4 30. Rc2 Rc8 31. Bd4 a5 32. Rd1 Rd8 33. Bc3 Ra4
34. Ba1 Nb4 35. Rxc4 1-0

[Event "Senior DM 2017 - 50+"]
[Site "Logumkloster"]
[Date "2017.02.14"]
[Round "3"]
[White "Stentebjerg Hansen, Per"]
[Black "Christiansen, Arne"]
[Result "1-0"]
[WhiteElo "2239"]
[BlackElo "2061"]
[PlyCount "51"]
[EventDate "2017.02.??"]
[EventType "swiss"]
[EventRounds "7"]
[EventCountry "DEN"]
[WhiteClock "0:02:39"]
[BlackClock "0:28:40"]

1. d4 Nf6 2. c4 g6 3. Nc3 Bg7 4. e4 d6 5. Nf3 O-O 6. Be2 e5 7. Be3 Nbd7 8. O-O
Re8 9. d5 a5 10. a3 b6 11. Nd2 Nc5 12. b4 Nb7 13. Nb3 Bf8 14. h3 Bd7 15. Qd2
Be7 16. Rac1 Rf8 17. Bh6 Re8 18. f4 axb4 19. axb4 Ba4 20. Rb1 Bxb3 21. Rxb3 Nd7
22. f5 Bf8 23. Be3 Bg7 24. Kh2 f6 25. Qb2 Qe7 26. Nb5 1-0

[Event "Senior DM 2017 - 50+"]
[Site "Logumkloster"]
[Date "2017.02.14"]
[Round "3"]
[White "Rodgaard, John"]
[Black "Rewitz, Poul"]
[Result "1/2-1/2"]
[WhiteElo "2320"]
[BlackElo "2289"]
[PlyCount "23"]
[EventDate "2017.02.??"]
[EventType "swiss"]
[EventRounds "7"]
[EventCountry "DEN"]
[WhiteClock "1:08:11"]
[BlackClock "0:50:20"]

1. d4 g6 2. Nf3 Bg7 3. c4 f5 4. g3 Nf6 5. Bg2 d6 6. b3 c6 7. Bb2 O-O 8. O-O Na6
9. Qc2 f4 10. Nc3 Nh5 11. e3 Bf5 12. Qd2 1/2-1/2

[Event "Senior DM 2017 - 50+"]
[Site "Logumkloster"]
[Date "2017.02.14"]
[Round "3"]
[White "Larsen, Peter"]
[Black "Overmark, Ole"]
[Result "1-0"]
[WhiteElo "2282"]
[BlackElo "1707"]
[PlyCount "73"]
[EventDate "2017.02.??"]
[EventType "swiss"]
[EventRounds "7"]
[EventCountry "DEN"]
[WhiteClock "0:34:40"]
[BlackClock "0:35:18"]

1. d4 Nf6 2. c4 c5 3. d5 b5 4. cxb5 a6 5. f3 g6 6. e4 d6 7. bxa6 Bxa6 8. Bxa6
Qa5+ 9. Bd2 Qxa6 10. Qe2 Bg7 11. Bc3 O-O 12. Nd2 Nbd7 13. Qxa6 Rxa6 14. Ne2 Rb8
15. Nc4 Nb6 16. Nxb6 Rbxb6 17. Kd2 Bh6+ 18. Kc2 Nd7 19. h4 Ne5 20. h5 g5 21.
Bxe5 dxe5 22. Ng3 Bf8 23. Nf5 h6 24. Ne3 Bg7 25. Nc4 Rb4 26. b3 Rb8 27. Rhd1
Rba8 28. a4 f6 29. Rd3 Bf8 30. Rad1 Kf7 31. Kc3 Rb8 32. Na3 Rb4 33. Nb5 Rb6 34.
Rc1 Kg8 35. Kb2 e6 36. d6 Rc6 37. d7 1-0

[Event "Senior DM 2017 - 50+"]
[Site "Logumkloster"]
[Date "2017.02.14"]
[Round "3"]
[White "Johansen, Johnny Holler"]
[Black "Light, Bjarne"]
[Result "0-1"]
[WhiteElo "1875"]
[BlackElo "2166"]
[PlyCount "46"]
[EventDate "2017.02.??"]
[EventType "swiss"]
[EventRounds "7"]
[EventCountry "DEN"]
[WhiteClock "0:34:05"]
[BlackClock "0:07:16"]

1. e4 c5 2. Nf3 Nc6 3. d4 cxd4 4. Nxd4 e5 5. Nb5 d6 6. N1c3 a6 7. Na3 b5 8. Nd5
Nge7 9. Bg5 h6 10. Bxe7 Bxe7 11. c3 O-O 12. Bd3 Be6 13. O-O Bg5 14. f4 exf4 15.
Nxf4 Bxf4 16. Rxf4 Qg5 17. Qf1 Ne5 18. Be2 Ng6 19. Rf3 Rae8 20. Rg3 Qd2 21. Rd1
Qxb2 22. c4 b4 23. Rb1 Qd4+ 0-1

[Event "Senior DM 2017 - 50+"]
[Site "Logumkloster"]
[Date "2017.02.15"]
[Round "4"]
[White "Christiansen, Arne"]
[Black "Johansen, Johnny Holler"]
[Result "1/2-1/2"]
[WhiteElo "2061"]
[BlackElo "1875"]
[PlyCount "63"]
[EventDate "2017.02.??"]
[EventType "swiss"]
[EventRounds "7"]
[EventCountry "DEN"]

1. d4 Nf6 2. c4 g6 3. Nc3 Bg7 4. e4 d6 5. g3 O-O 6. Bg2 Nc6 7. Nge2 e5 8. d5
Ne7 9. O-O Ne8 10. f4 f5 11. fxe5 Bxe5 12. Bh6 Rf7 13. Nd4 Bg7 14. Bxg7 Nxg7
15. Qd2 Kh8 16. exf5 gxf5 17. Rae1 Ng6 18. Ne6 Nxe6 19. dxe6 Re7 20. Qd4+ Kg8
21. Qf6 Qf8 22. Rxf5 Qxf6 23. Rxf6 c6 24. Bh3 Ne5 25. c5 Kg7 26. Rff1 Bxe6 27.
cxd6 Ree8 28. Bxe6 Rxe6 29. Kg2 Rae8 30. Rf5 Nf7 31. Rxe6 Rxe6 32. d7 1/2-1/2

[Event "Senior DM 2017 - 50+"]
[Site "Logumkloster"]
[Date "2017.02.15"]
[Round "4"]
[White "Pedersen, Hans Milter"]
[Black "Matras, Ove"]
[Result "0-1"]
[WhiteElo "1528"]
[BlackElo "1828"]
[PlyCount "102"]
[EventDate "2017.02.??"]
[EventType "swiss"]
[EventRounds "7"]
[EventCountry "DEN"]

1. d4 d5 2. Nf3 Bg4 3. Nbd2 Nd7 4. g3 c5 5. c3 g6 6. Bg2 e6 7. Qa4 Bxf3 8. Nxf3
f6 9. O-O Kf7 10. Re1 Ne7 11. e4 dxe4 12. Rxe4 Nc6 13. Rf4 Kg7 14. Re4 Nb6 15.
Qd1 e5 16. Be3 Nc4 17. dxe5 N6xe5 18. Nxe5 Nxe5 19. Rh4 Nf7 20. Rc4 Qc7 21. Qd5
Ne5 22. Bf4 Bd6 23. b4 Nxc4 24. Qxc4 Bxf4 25. gxf4 Rac8 26. Rd1 b6 27. b5 Rhe8
28. Bc6 Re7 29. Kg2 Rd8 30. Bd5 Red7 31. Qe4 c4 32. Rd4 Qc5 33. Be6 f5 34.
Rxd7+ Rxd7 35. Qc6 Qxc6+ 36. bxc6 Rc7 37. Bd7 Kf6 38. Kf3 Ke7 39. Ke3 Rxd7 40.
cxd7 Kxd7 41. Kd4 b5 42. Kc5 a6 43. a3 Kc7 44. h3 h5 45. h4 Kb7 46. f3 Kc7 47.
Kd5 Kb6 48. Ke6 Kc5 49. Kf6 a5 50. Kxg6 b4 51. axb4+ axb4 0-1

[Event "Senior DM 2017 - 50+"]
[Site "Logumkloster"]
[Date "2017.02.15"]
[Round "4"]
[White "Kallenbach, Uffe"]
[Black "Carlsen, Jasper"]
[Result "1-0"]
[WhiteElo "1670"]
[BlackElo "1700"]
[PlyCount "29"]
[EventDate "2017.02.??"]
[EventType "swiss"]
[EventRounds "7"]
[EventCountry "DEN"]
[WhiteClock "1:24:08"]
[BlackClock "1:03:58"]

1. d4 Nf6 2. Nf3 e6 3. c4 Bb4+ 4. Bd2 Qe7 5. Nc3 c5 6. e3 b6 7. Bd3 Bb7 8. O-O
O-O 9. Re1 d6 10. e4 Nbd7 11. e5 dxe5 12. dxe5 Ne8 13. Bxh7+ Kxh7 14. Ng5+ Kg8
15. Qh5 1-0

[Event "Senior DM 2017 - 50+"]
[Site "Logumkloster"]
[Date "2017.02.15"]
[Round "4"]
[White "Overmark, Ole"]
[Black "Rosenberg, Jan"]
[Result "1-0"]
[WhiteElo "1707"]
[BlackElo "1867"]
[PlyCount "73"]
[EventDate "2017.02.??"]
[EventType "swiss"]
[EventRounds "7"]
[EventCountry "DEN"]
[WhiteClock "0:00:48"]
[BlackClock "0:29:00"]

1. Nf3 Nf6 2. c4 c5 3. Nc3 d5 4. cxd5 Nxd5 5. g3 Nc6 6. Bg2 Nc7 7. O-O e5 8. d3
Be7 9. Be3 Ne6 10. Rc1 Rb8 11. Nd2 Ned4 12. h3 O-O 13. Nd5 b6 14. Nxe7+ Qxe7
15. Ne4 h6 16. Bd2 Be6 17. e3 Nf5 18. Nxc5 bxc5 19. Bxc6 Qd6 20. Be4 Rxb2 21.
Bc3 Rbb8 22. Qh5 g6 23. Qe2 Ne7 24. d4 exd4 25. exd4 cxd4 26. Rfd1 Rbc8 27. Bb2
Bxh3 28. Rxc8 Rxc8 29. Rxd4 Qe6 30. Qd2 Qb6 31. Rb4 Qe6 32. Qxh6 f6 33. Kh2 Bf5
34. Bg2 Qf7 35. Rb7 Re8 36. Ba3 Qf8 37. Bd5+ 1-0

[Event "Senior DM 2017 - 50+"]
[Site "Logumkloster"]
[Date "2017.02.15"]
[Round "4"]
[White "Rewitz, Poul"]
[Black "Larsen, Peter"]
[Result "0-1"]
[WhiteElo "2289"]
[BlackElo "2282"]
[PlyCount "88"]
[EventDate "2017.02.??"]
[EventType "swiss"]
[EventRounds "7"]
[EventCountry "DEN"]
[WhiteClock "0:10:21"]
[BlackClock "0:01:51"]

1. g3 d5 2. Bg2 e5 3. c3 Nf6 4. d4 e4 5. f3 exf3 6. Nxf3 Bd6 7. c4 dxc4 8. Nc3
O-O 9. O-O c5 10. d5 a6 11. a4 Re8 12. Qc2 Bg4 13. Ng5 h6 14. Nge4 Nxe4 15.
Bxe4 Bh5 16. Bf4 b6 17. Bh7+ Kh8 18. Bf5 Ra7 19. Rf2 Rae7 20. e4 Be5 21. g4 Bg6
22. Bxe5 Rxe5 23. Bxg6 fxg6 24. Raf1 Nd7 25. Rf7 Qh4 26. Qg2 Nf6 27. d6 Rd8 28.
d7 Nxd7 29. Rd1 Nf8 30. Rdf1 Ne6 31. Nd5 Ng5 32. Ne7 Rxe7 33. Rxe7 Nh3+ 34. Kh1
Qxe7 35. Qxh3 Qxe4+ 36. Qg2 Qxg2+ 37. Kxg2 Rd2+ 38. Kf3 Rxb2 39. Ke4 Rb4 40. a5
c3+ 41. Kd3 b5 42. Rf8+ Kh7 43. Ra8 Rc4 44. Kc2 b4 0-1